| 000 | 00371nam a2200121Ia 4500 | ||
|---|---|---|---|
| 008 | 180116s9999 xx 000 0 und d | ||
| 020 | _a9781118833360 | ||
| 100 | _aWang, Binghe | ||
| 245 |
_cBinghe Wang, Longqin Hu, Teruna J. Siahaan / _aDrug Delivery : _bPrinciples and Applications / |
||
| 250 | _a2nd ed | ||
| 260 |
_bJohn Wiley & Sons Inc _c2016 |
||
| 300 | _a697 pages | ||
| 999 |
_c353222 _d353222 |
||